LDC : Les clubs français qui l'ont jouée - Statistiques

Statistiques générales
  • Ce quiz a été pris 1 495 fois
  • Le résultat moyen est 15 sur 18
Statistiques - réponses
Nombre de participations Réponse % Correct
18 Paris-Saint-Germain
100%
17 Olympique de Marseille
99%
18 Olympique Lyonnais
98%
9 Lille
95%
19 Monaco
95%
7 Girondins de Bordeaux
89%
1 Stade Brestois 29
88%
10 AS Saint-Etienne
87%
1 Stade Rennais FC
87%
3 Racing Club de Lens
86%
8 Nantes
85%
3 OJC Nice
83%
4 Stade de Reims
79%
1 RC Strasbourg Alsace
74%
1 Montpellier HSC
72%
1 Toulouse FC
70%
3 AJ Auxerre
65%
1 Fc Metz
53%
Aucun quiz correspondant
Distribution des résultats
% des personnes avec chaque résultat
Percentile par nombre de réponses
Votre historique - résultats
Vous n’avez pas pris ce quiz